| 000 | 00540nam a2200193Ia 4500 | ||
|---|---|---|---|
| 008 | 221125s9999 xx 000 0 und d | ||
| 020 | _a978-93-80358-12-3 | ||
| 041 | _aeng | ||
| 082 | _a696.18 RAN/RAN | ||
| 100 | _aRangwala K S | ||
| 245 | _aWater Supply And Sanitary Engineering : Environmental Engineering | ||
| 250 | _a24th | ||
| 260 |
_bCharotar Publishing House _aAnand _c2010 |
||
| 300 | _a888p | ||
| 500 | _aArchitecture | ||
| 520 | _aWithdrawn | ||
| 650 | _aBuilding Services | ||
| 700 |
_aRangwala P S Rangwala S C. _917860 |
||
| 999 |
_c83417 _d83417 |
||